Top 14, clubs de la saison 2023-2024. - Statistiques

Statistiques générales
  • Ce quiz a été pris 1 337 fois
  • Le résultat moyen est 13 sur 14
Statistiques - réponses
Classement saison 2023 Clubs % Correct
1er Stade toulousain
100%
6e Stade français Paris
97%
4e Union Bordeaux-Bègles
96%
2e Stade rochelais
95%
3e Racing 92
94%
7e RC Toulon
93%
5e Lyon OU
91%
10e ASM Clermont
90%
13e USA Perpignan
89%
8e Aviron bayonnais
89%
12e Section paloise
88%
11e Montpellier HR
87%
9e Castres olympique
83%
1er (Pro D2) Oyonnax rugby
70%
Aucun quiz correspondant
Distribution des résultats
% des personnes avec chaque résultat
Percentile par nombre de réponses
Votre historique - résultats
Vous n’avez pas pris ce quiz